000 00770nam a22002057i 4500
999 _c22881
_d22881
003 AR-CdUCM
008 240508b20182018 pe||||| |||| 00| 0 spa d
020 _a978-612-4150-91-3
040 _aMUNICIPALIDAD PROVINCIAL DEL CUSCO
_cBIBLIOTECA MUNICIPAL DEL CUSCO
082 _a985.009 / S38D
_bS38D
100 _aSeminario Ojeda, Miguel Arturo.
_916283
245 _aDiccionario Biográfico Ilustrado de Próceres y Beneméritos de la Patria :
_bhojas de vida y pensión vitalicia en las guerras de independencia /
260 _aLima :
_bJurado Nacional de Elecciones,
_c2018
300 _a238 páginas. :
_c30 cm.
650 _aEstudio preliminar
_939425
650 _aLetra A - Z
_949763
856 _fwww.je.gob.pe
942 _2ddc
_cLIBROS
945 _apbj
_d2024-05-08